000
00370nam a2200169Ia 4500
003
0100
008
130303s9999 xx 000 0 und d
040
_c
ARRUPELIB
050
_a
QA805.G6 1959
100
_a
Goldstein, Herbert
245
_a
Classical mechanics
260
_a
Reading MA
260
_b
Addison-Wesley
260
_C
1959
300
_a
399p
942
0
0
_0
1
999
_c
47508
_d
47508